01350nam a2200313Ia 4500001001200000003000800012006001900020007001500039008004100054020002600095020001800121040002100139035002100160050002200181245011100203260010900314300001000423440003700433500002100470500006700491533015200558650003400710650003400744655002900778710006900807710001700876856012600893999001701019ebr10644325CaPaEBRm u cr cn|||||||||130125s2012 dcu s 000 0 eng d z9781475563054 (ebook) z9781475587319 aCaPaEBRcCaPaEBR a(OCoLC)81935122314aHD49b.A97 2012eb00aAustraliah[electronic resource] :bfinancial safety net and crisis management framework - technical note. aWashington, D.C. :bInternational Monetary Fund, Monetary and Capital Markets Dept., Legal Dept.,c2012. a45 p. 0aIMF country report ;vno. 12/310 a"November 2012." aAt head of title : Financial Sector Assessment Program update. aElectronic reproduction.bPalo Alto, Calif. :cebrary,d2013.nAvailable via World Wide Web.nAccess may be limited to ebrary affiliated libraries. 0aCrisis managementzAustralia. 0aBanks and bankingzAustralia. 7aElectronic books.2local2 aInternational Monetary Fund.bMonetary and Capital Markets Dept.2 aebrary, Inc.40uhttp://site.ebrary.com/lib/rucke/Doc?id=10644325zAn electronic book accessible through the World Wide Web; click to view c42368d42368